<?xml version="1.0" encoding="UTF-8"?>
<record
    xmlns:xsi="http://www.w3.org/2001/XMLSchema-instance"
    xsi:schemaLocation="http://www.loc.gov/MARC21/slim http://www.loc.gov/standards/marcxml/schema/MARC21slim.xsd"
    xmlns="http://www.loc.gov/MARC21/slim">

  <leader>02091nam a2200253 a 4500</leader>
  <controlfield tag="005">20260430121958.0</controlfield>
  <controlfield tag="007">cr |||aaaaaaa|</controlfield>
  <controlfield tag="008">260430s2020    mx|ad|||o ||| 000 0 spa d</controlfield>
  <datafield tag="020" ind1=" " ind2=" ">
    <subfield code="a">9786078784035</subfield>
  </datafield>
  <datafield tag="040" ind1=" " ind2=" ">
    <subfield code="a">MX-MxUPN</subfield>
    <subfield code="b">spa</subfield>
    <subfield code="e">aacr2</subfield>
  </datafield>
  <datafield tag="041" ind1="0" ind2=" ">
    <subfield code="a">spa</subfield>
  </datafield>
  <datafield tag="245" ind1="1" ind2="3">
    <subfield code="a">El trabajo colaborativo docente en la educaci&#xF3;n media superior</subfield>
    <subfield code="h">[recurso electr&#xF3;nico en l&#xED;nea]</subfield>
  </datafield>
  <datafield tag="250" ind1=" " ind2=" ">
    <subfield code="a">Primera edici&#xF3;n</subfield>
  </datafield>
  <datafield tag="260" ind1=" " ind2=" ">
    <subfield code="a">Cuernavaca, Morelos, M&#xE9;xico :</subfield>
    <subfield code="b">Universidad Aut&#xF3;noma del Estado de Morelos,</subfield>
    <subfield code="c">2020.</subfield>
  </datafield>
  <datafield tag="300" ind1=" " ind2=" ">
    <subfield code="a">1 recurso en l&#xED;nea (226 p&#xE1;ginas) :</subfield>
    <subfield code="b">ilustraciones, gr&#xE1;ficas, PDF</subfield>
  </datafield>
  <datafield tag="505" ind1=" " ind2=" ">
    <subfield code="t">El trabajo colaborativo en la educaci&#xF3;n media superior, una revisi&#xF3;n de la literatura desde la &#xF3;ptica del an&#xE1;lisis sociol&#xF3;gico del discurso /</subfield>
    <subfield code="r">Luz Marina Ibarra Uribe y Areli Jocabed Barrera Alcal&#xE1;.--</subfield>
    <subfield code="t">El trabajo colaborativo en la educaci&#xF3;n media superior, notas para su comprensi&#xF3;n /</subfield>
    <subfield code="r">Marcos Jacobo Estrada Ruiz y Sergio Jacinto Alejo L&#xF3;pez.--</subfield>
    <subfield code="t">Trabajo colaborativo para la formaci&#xF3;n docente en educaci&#xF3;n media superior /</subfield>
    <subfield code="r">Rosana Santiago Garc&#xED;a.--</subfield>
    <subfield code="t">El trabajo colaborativo docente. Una estrategia para hacer frente a algunos de los principales problemas de la educaci&#xF3;n media superior /</subfield>
    <subfield code="r">C&#xE9;sar Dar&#xED;o Fonseca Bautista.--</subfield>
    <subfield code="t">Cultura docente y trabajo colaborativo en los planteles de bachillerato tecnol&#xF3;gico en Morelos /</subfield>
    <subfield code="r">Bertha Mar&#xED;a Alc&#xE1;ntara S&#xE1;nchez y Areli Jocabed Barrera Alcal&#xE1;.--</subfield>
    <subfield code="t">Una experiencia exitosa de trabajo colaborativo docente /</subfield>
    <subfield code="r">Keeren P&#xE9;rez Valentin.--</subfield>
    <subfield code="t">La reuni&#xF3;n de academia local y el trabajo colegiado en el bachillerato tecnol&#xF3;gico /</subfield>
    <subfield code="r">C&#xE9;sar Dar&#xED;o Fonseca Bautista.--</subfield>
    <subfield code="t">Docentes de la UEMSTIS-Morelos ante un modelo educativo de liderazgo y colaboraci&#xF3;n /</subfield>
    <subfield code="r">Rosa Isela Covarrubias Pinz&#xF3;n.</subfield>
  </datafield>
  <datafield tag="506" ind1="0" ind2=" ">
    <subfield code="a">Acceso abierto</subfield>
  </datafield>
  <datafield tag="700" ind1="1" ind2=" ">
    <subfield code="a">Fonseca Bautista, C&#xE9;sar Dar&#xED;o</subfield>
    <subfield code="9">54450</subfield>
    <subfield code="e">coordinaci&#xF3;n</subfield>
  </datafield>
  <datafield tag="700" ind1="1" ind2=" ">
    <subfield code="a">Ibarra Uribe, Luz Marina</subfield>
    <subfield code="9">59453</subfield>
    <subfield code="e">coordinaci&#xF3;n</subfield>
  </datafield>
  <datafield tag="700" ind1="1" ind2=" ">
    <subfield code="a">Santiago Garc&#xED;a, Rosana</subfield>
    <subfield code="9">59454</subfield>
    <subfield code="e">coordinaci&#xF3;n</subfield>
  </datafield>
  <datafield tag="856" ind1="4" ind2="0">
    <subfield code="u">http://riaa.uaem.mx/handle/20.500.12055/1357</subfield>
  </datafield>
  <datafield tag="902" ind1=" " ind2=" ">
    <subfield code="a">JohanaAllegre/300426</subfield>
  </datafield>
  <datafield tag="942" ind1=" " ind2=" ">
    <subfield code="2">lcc</subfield>
    <subfield code="c">LIBRO-E</subfield>
  </datafield>
  <datafield tag="952" ind1=" " ind2=" ">
    <subfield code="0">0</subfield>
    <subfield code="1">0</subfield>
    <subfield code="2">lcc</subfield>
    <subfield code="4">0</subfield>
    <subfield code="7">0</subfield>
    <subfield code="8">CAA</subfield>
    <subfield code="a">BCUPN50</subfield>
    <subfield code="b">BCUPN50</subfield>
    <subfield code="c">ENL</subfield>
    <subfield code="d">2026-04-30</subfield>
    <subfield code="l">0</subfield>
    <subfield code="r">2026-04-30 12:20:14</subfield>
    <subfield code="u">http://riaa.uaem.mx/handle/20.500.12055/1357</subfield>
    <subfield code="w">2026-04-30</subfield>
    <subfield code="y">LIBRO-E</subfield>
  </datafield>
  <datafield tag="999" ind1=" " ind2=" ">
    <subfield code="c">215047</subfield>
    <subfield code="d">215047</subfield>
  </datafield>
</record>
